| 000 | 01150nam a22003017a 4500 | ||
|---|---|---|---|
| 001 | 876 | ||
| 005 | 20250221100320.0 | ||
| 020 | _a9780439107990 | ||
| 040 |
_aFISKH _beng _cFISKH _dFISKH |
||
| 050 | _aPZ7.M26572 | ||
| 082 | _a813.54 | ||
| 100 | _aMoore, Eva. | ||
| 245 |
_aThe search for the missing bones / _c[written by Eva Moore ; illustrations by Ted Enik]. |
||
| 260 |
_aNew York : _bScholastic, _c1999. |
||
| 300 |
_a76 pages : _billustrations, _c20 cm. |
||
| 490 |
_aThe magic school bus science chapter book : _vBook 2 |
||
| 500 | _a"Based on the magic school bus books written by Joanna Cole and illustrated by Bruce Degen."--Verso t.p. | ||
| 505 | _aR | ||
| 520 | _aMs. Frizzle and her class learn all about bones, why they need skeletons, and what makes them grow as they search for their costumes' missing bones at the Hugh Mann Costume Company. | ||
| 521 |
_a660
_bLexile |
||
| 521 |
_aR
_bRaz-Plus |
||
| 650 |
_aBones _vJuvenile fiction. |
||
| 650 |
_aSkeleton _vJuvenile fiction. |
||
| 650 |
_aBones _vFiction. |
||
| 650 |
_aSkeleton _vFiction. |
||
| 700 |
_aEnik, Ted. _cillustrator. |
||
| 942 |
_2ddc _cBK _n0 |
||
| 999 |
_c876 _d876 |
||